000 00733nam a2200253Ia 4500
003 OSt
005 20220918163651.0
006 a|||||r|||| 00| 0
007 ta
008 220917b |||||||| |||| 00| 0 eng d
020 _a0195655583 (hbk)
024 _a174,231
037 _cTextual
040 _aARTS
_cARTS
_beng
041 _2eng
_aeng
082 _aU470aX, P1 (SC)
100 _aSengupta Ramprasad
_914403
245 0 _aEcology and economics
_b an approach to sustainble development
260 _aNew Delhi
_bOxford University Press
_c2001
300 _axvi,264p.
_ccm.
650 _aHUMAN GEOGRAPHY
_91464
942 _hU470aX, P1 (SC)
_cTEXL
_2CC
999 _c120658
_d120658